5HLuxD.jpg

KING HENRY VIII SENIOR AND PRIMARY SCHOOL LIBRARY OPAC

International relations 1879-2004 / (Record no. 2704)

000 -LEADER
fixed length control field 01069pam a2200325 a 4500
001 - CONTROL NUMBER
control field 014487191
003 - CONTROL NUMBER IDENTIFIER
control field Uk
005 - DATE AND TIME OF LATEST TRANSACTION
control field 20230811101822.0
008 - FIXED-LENGTH DATA ELEMENTS--GENERAL INFORMATION
fixed length control field 080107s2008 enkab b 001 0 eng d
020 ## - INTERNATIONAL STANDARD BOOK NUMBER
International Standard Book Number 9780007268719 (pbk.) :
020 ## - INTERNATIONAL STANDARD BOOK NUMBER
International Standard Book Number 0007268718 (pbk.) :
040 ## - CATALOGING SOURCE
Original cataloging agency StDuBDS
Language of cataloging eng
Transcribing agency StDuBDS
Modifying agency Uk
-- KH8
082 04 - DEWEY DECIMAL CLASSIFICATION NUMBER
Classification number 909.82 MUR
100 1# - MAIN ENTRY--PERSONAL NAME
Personal name Murphy, Derrick.
Relator term author.
245 10 - TITLE STATEMENT
Title International relations 1879-2004 /
Statement of responsibility, etc. Derrick Murphy and Terry Morris.
260 ## - PUBLICATION, DISTRIBUTION, ETC.
Place of publication, distribution, etc. London :
Name of publisher, distributor, etc. Collins,
Date of publication, distribution, etc. 2008.
300 ## - PHYSICAL DESCRIPTION
Extent 216 pages :
Other physical details illustrations, maps ;
Dimensions 0.4 x 7.55 x 10.43 inches.
336 ## - CONTENT TYPE
Content type term text
Source rdacontent
337 ## - MEDIA TYPE
Media type term unmediated
Source rdamedia
338 ## - CARRIER TYPE
Carrier type term volume
Source rdacarrier
490 0# - SERIES STATEMENT
Series statement Flagship history
500 ## - GENERAL NOTE
General note Inlcudes Index
Institution to which field applies Uk
504 ## - BIBLIOGRAPHY, ETC. NOTE
Bibliography, etc. note Includes bibliographical references and index.
650 #0 - SUBJECT ADDED ENTRY--TOPICAL TERM
Topical term or geographic name entry element World politics
Chronological subdivision 20th century.
650 #0 - SUBJECT ADDED ENTRY--TOPICAL TERM
Topical term or geographic name entry element World politics
Chronological subdivision 19th century.
650 #0 - SUBJECT ADDED ENTRY--TOPICAL TERM
Topical term or geographic name entry element World politics
Chronological subdivision 1995-2005.
650 #0 - SUBJECT ADDED ENTRY--TOPICAL TERM
Topical term or geographic name entry element International relations.
700 1# - ADDED ENTRY--PERSONAL NAME
Personal name Morris, T. A.
Fuller form of name (Terence Alan),
Dates associated with a name 1949-
Relator term author.
942 ## - ADDED ENTRY ELEMENTS (KOHA)
Source of classification or shelving scheme
Koha item type Teaching Resources
Holdings
Withdrawn status Lost status Source of classification or shelving scheme Damaged status Not for loan Collection code Permanent Location Current Location Shelving location Date acquired Full call number Barcode Date last seen Price effective from Koha item type
          Teaching Resources KH8 Senior School Library KH8 Senior School Library Staff Office 2023-08-11 909.82 MUR TRKHSL001897 2023-08-11 2023-08-11 Teaching Resources
          Teaching Resources KH8 Senior School Library KH8 Senior School Library Staff Office 2023-08-11 909.82 MUR TRKHSL001898 2023-08-11 2023-08-11 Teaching Resources
          Teaching Resources KH8 Senior School Library KH8 Senior School Library Staff Office 2023-08-11 909.82 MUR TRKHSL001899 2023-08-11 2023-08-11 Teaching Resources
          Teaching Resources KH8 Senior School Library KH8 Senior School Library Staff Office 2023-08-11 909.82 MUR TRKHSL001900 2023-08-11 2023-08-11 Teaching Resources
          Teaching Resources KH8 Senior School Library KH8 Senior School Library Staff Office 2023-08-11 909.82 MUR TRKHSL001901 2023-08-11 2023-08-11 Teaching Resources
          Teaching Resources KH8 Senior School Library KH8 Senior School Library Staff Office 2023-08-11 909.82 MUR TRKHSL001902 2023-08-11 2023-08-11 Teaching Resources
          Teaching Resources KH8 Senior School Library KH8 Senior School Library Staff Office 2023-08-11 909.82 MUR TRKHSL001903 2023-08-11 2023-08-11 Teaching Resources
          Teaching Resources KH8 Senior School Library KH8 Senior School Library Staff Office 2023-10-27 909.82 MUR TRKHSL004608 2023-10-27 2023-10-27 Teaching Resources
          Teaching Resources KH8 Senior School Library KH8 Senior School Library Staff Office 2023-11-07 909.82 MUR TRKHSL004984 2023-11-07 2023-11-07 Teaching Resources

Powered By KH8 IT Dept